000 00817nam a2200301 a 4500
003 AR-BaBNM
005 20251128204355.0
008 082120s2002 ||||||||||||||000 | spa||
020 _a950-07-0771-3
040 _cAR-BaBNM
100 1 _aAccame, Jorge
245 0 0 _a¿Quién pidió un vaso de agua?
260 _aBuenos Aires
_bSudamericana
_c1992
300 _a57 p.
_bil.
490 0 _aPan flauta
_vv. 20
500 _aContiene cartas del autor e ilustradora a los lectores
500 _aCatálogo de los títulos de la colección
650 4 _aLITERATURA ARGENTINA
650 4 _aCUENTOS
650 4 _aLITERATURA INFANTIL
650 4 _aLIBROS PARA NIÑOS
650 4 _aHUMOR
655 _aLITERATURA
700 1 _aTorres, Elena
_eilustrador
800 0 _aCanela
942 _cBK
998 _cisola
999 _c7203
_d7203